00906nam a2200253Ia 4500003000400000005001700004008004100021020001800062040001800080041000800098082002300106100003000129245013100159250000600290260003900296300001500335650003000350700002900380700002800409700003400437942003200471999001900503952013000522OSt20220905161150.0210716s2008 xx 000 0 und d a9788177587531 cAIMIT LIBRARY aeng a005.3068 21bFUTR aFutrell, Robert T.956645 aQuality software project management /cBy Robert T Futrell, Donald F. Shafer and Linda I. Shafer ; Foreword by Edward Yourdon. a1 aNew DelhibPearson Educationc2008 axxxvi,1603 aProject Management956646 aShafer, Donald F.956647 aShafer, Linda I.956648 aYourdon, Edward., Fwd.956649 2ddccBKe1stk005.3068 FUTR c190326d190326 001040708MCAaAIMITbAIMITeCurrent Booksg825.00l0o005.3068 FUTRpMCA09834r2026-05-23 00:00:00v594.00w2021-07-16yBK